| 000 | 00434nam a22001577a 4500 | ||
|---|---|---|---|
| 003 | NUST | ||
| 005 | 20230130132906.0 | ||
| 008 | 230130b ||||| |||| 00| 0 eng d | ||
| 020 | _a9788129118516 | ||
| 082 | _a808.042,OBR | ||
| 100 |
_aO’Brien, Terry _9108063 |
||
| 245 |
_aLittle Red Book of Modern Writing Skills / _cTerry O’Brien |
||
| 260 |
_aIndia _bRupa _c2021 |
||
| 440 |
_a139p. _9108064 |
||
| 942 |
_2ddc _cBK _k808.042,OBR |
||
| 999 |
_c593053 _d593053 |
||